| 000 | 00738nam a2200241 a 4500 | ||
|---|---|---|---|
| 001 | 72803 | ||
| 003 | BD-RjUL | ||
| 005 | 20211209082318.0 | ||
| 008 | 170523s1960 nyua b 001 0 eng | ||
| 035 | _a(BD-RjUL)73021 | ||
| 040 |
_aDLC _cFT _dBD-RjUL _beng |
||
| 041 | _aeng | ||
| 082 |
_a616.2 _223 _bADN 1960 |
||
| 100 | 1 |
_aAdams, John Milton, _d1905- _9215334 |
|
| 245 | 1 | 0 |
_aNewer virus diseases : _bclinical differentiation of acute respiratory infections. / _cJohn M. Adams |
| 260 |
_aNew York : _bMacmillan, _c1960. |
||
| 300 |
_axvi, 292 p. : _bill.; _c22 cm. |
||
| 500 | _aIncludes includes | ||
| 650 | 0 |
_aVirus diseases. _9160713 |
|
| 650 | 0 |
_aRespiratory organs _xDiseases. _9215335 |
|
| 942 |
_2ddc _cBK |
||
| 999 |
_c72803 _d72803 |
||